000 01057njm a22002537a 4500
005 2010090706426.0
006 a|||||r|||||00| 0
007 sd ammalaaahaa
008 100907t xxu||||| |||| 00| 0 eng d
028 _a3AEX.5019
_bAngel Records
035 _aGR-01057
040 _aSED
_cSED
100 _917690
245 _aJab Pyar Kisi Se Hota Hai / (Jab Pyar Kisi Se Hota Hai)
_h[Sound Recording] :
246 _aजब प्यार किसी से होता है /(जब प्यार किसी से होता है )
260 _aDum Dum India
_bAngel Records
300 _a1 sound disc (Gramophone Recording)
_banalog, 33 1/3 rpm
_c12 in. (LP)
_fGramophone Record
440 _918739
500 _aBrief Record
505 _aSide-2 तेरी प्यारी प्यारी सूरत (Teri Pyari Pyari Surat) (Sasural)
650 _aMotion Picture Music
_xExcerpts
_zIndia
_917691
942 _2ddc
_cGR
999 _c44321
_d44321